Statistics for Lande efter bogstav - C

Click here to take the quiz!

General Stats

  • This quiz has been taken 6 times
  • The average score is 5 of 10

Answer Stats

Land% Correct
Cambodja
75%
Cameroun
75%
Canada
75%
Chile
75%
Colombia
75%
Cypern
50%
Centralafrikanske Republik
25%
Comorerne
25%
Costa Rica
25%
Cuba
0%

Score Distribution

Percentile by Number Answered

Percent of People with Each Score

Your Score History

You have not taken this quiz